000 00785nam a2200241 i 4500
001 bg
245 0 0 _aFPGA - based implementation of signal processing systems /
_cRoger Woods [et al.].
260 _aChichester :
_bJohn Wiley & Sons,
_c2008.
300 _aXXI, 364 s. :
_bil. ;
_c25 cm.
504 _aBibliogr. przy rozdz. Indeks.
650 9 _aPrzetwarzanie danych
650 9 _aTeoria sygnałów
700 1 _aWoods, Roger.
020 _a9780470030097
040 _cBPK
041 _apol
044 _aGBR
080 _a004.93:621.391.6/.8:621.3.037.37
920 _a978-0-470-03009-7
942 _cKS
008 090623s2008 enka f |000 0 eng
999 _c56619
_d56619
856 _uhttp://koha.tu.koszalin.pl/cgi-bin/koha/opac-detail.pl?biblionumber=56619
_yKatalog online BPK